000
00293nam a22001217a 4500
008
180131b xxu||||| |||| 00| 0 eng d
041
_a
eng
080
_a
159.9
100
_a
48
101
_a
psi
245
_a
clinicaal mangement of substance abuse programs
_c
craig.r.j
942
_2
udc
_c
BK
999
_c
41391
_d
41391